[Event "Weekend Vitinia"]
[Site "Roma ITA"]
[Date "1998.11.??"]
[Round "7"]
[White "Micaloni, Mario"]
[Black "Martelli, Andrea"]
[Result "0-1"]
[WhiteElo "1702"]
[BlackElo "1800"]
[PlyCount "114"]
[EventDate "1998.11.07"]

1. e4 e6 2. d4 d5 3. Nc3 Bb4 4. e5 c5 5. a3 Ba5 6. dxc5 Bxc3+ 7. bxc3 Qc7 8.
Qd4 Nc6 9. Bb5 Nge7 10. f4 Bd7 11. Bxc6 Nxc6 12. Qe3 Na5 13. a4 O-O 14. Ne2 Nc4
15. Qd4 Rfc8 16. Be3 Nxe3 17. Qxe3 Qxc5 18. Qxc5 Rxc5 19. Kd2 b6 20. Rhb1 Rac8
21. Rb2 Ra5 22. Nd4 Rc4 23. Rb4 Rxa4 24. Rxc4 dxc4 25. Rd1 Kf8 26. g4 Ra5 27.
Ke3 Ke7 28. h4 Rc5 29. Ra1 Rc7 30. g5 a5 31. h5 Ra7 32. Ne2 Bc6 33. Nd4 Be8 34.
f5 exf5 35. Nxf5+ Kf8 36. Nd6 b5 37. Kd4 a4 38. Nxe8 Kxe8 39. Kc5 Ke7 40. Kxb5
Ke6 41. g6 fxg6 42. hxg6 hxg6 43. Kxc4 Kxe5 44. Re1+ Kf4 45. Rf1+ Ke3 46. Kb4
g5 47. c4 g4 48. c5 g3 49. c6 g2 50. Rd1 Rc7 51. Rd3+ Kf2 52. Rd2+ Kg3 53. Rd7
Rxc6 54. Rxg7+ Kf2 55. Rf7+ Ke1 56. Rg7 Rxc2 57. Kxa4 Kf1 0-1

[Event "Weekend Vitinia"]
[Site "Roma ITA"]
[Date "1998.11.??"]
[Round "7"]
[White "Pierangeli, Andrea"]
[Black "Spano' Cuomo, Gaetano"]
[Result "1/2-1/2"]
[WhiteElo "1774"]
[BlackElo "1776"]
[PlyCount "106"]
[EventDate "1998.11.07"]

1. e4 e5 2. Nf3 Nc6 3. d4 exd4 4. Bb5 d6 5. Nxd4 Bd7 6. O-O Nf6 7. Nc3 Be7 8.
Nxc6 bxc6 9. Bd3 O-O 10. b3 Bg4 11. f3 Bh5 12. Bb2 Nd7 13. Ne2 Ne5 14. Nf4 Nxd3
15. cxd3 Bg6 16. Rc1 Bg5 17. g3 Bxf4 18. gxf4 c5 19. f5 Bh5 20. Rc2 Qh4 21. Rg2
f6 22. Bc1 Kh8 23. Bd2 Rg8 24. Qc1 g6 25. Be1 Qh3 26. Rg3 gxf5 27. Qf4 Rxg3+
28. Bxg3 Rg8 29. Kf2 Be8 30. Qh4 Qxh4 31. Bxh4 Rg6 32. exf5 Rh6 33. Re1 Bd7 34.
Re7 Bxf5 35. Bg3 Rg6 36. Rxc7 Rg7 37. Rc6 Bxd3 38. Bxd6 Bb1 39. Bxc5 Bxa2 40.
Rxf6 Rd7 41. b4 Bc4 42. Rf4 Bb5 43. Rg4 h6 44. Rd4 Rf7 45. Rg4 Kh7 46. Kg3 a6
47. Bd4 Be2 48. Rf4 Rxf4 49. Kxf4 Kg6 50. Ke4 h5 51. h3 Bb5 52. f4 Kf7 53. f5
Be2 1/2-1/2

[Event "Weekend Vitinia"]
[Site "Roma ITA"]
[Date "1998.11.??"]
[Round "7"]
[White "Puliatti, Carlo"]
[Black "Galdelli, Fabiano"]
[Result "1-0"]
[WhiteElo "1701"]
[BlackElo "1621"]
[PlyCount "75"]
[EventDate "1998.11.07"]

1. e4 c5 2. Nc3 Nc6 3. f4 d6 4. Nf3 g6 5. d3 Bg7 6. g3 Bg4 7. Bg2 Rb8 8. O-O
Qc8 9. Qe1 b5 10. e5 b4 11. Nd1 Qc7 12. exd6 Qxd6 13. Ne3 Bxf3 14. Bxf3 e6 15.
Nc4 Qd7 16. Be3 Nd4 17. Bxd4 Bxd4+ 18. Kg2 Ne7 19. Ne5 Qc7 20. Nc4 O-O 21. Qe4
Nd5 22. Rab1 a5 23. Rfe1 a4 24. Qe2 Rbd8 25. Bxd5 Rxd5 26. Qf3 h5 27. Nd2 Kg7
28. Ne4 Rf5 29. c3 Be5 30. Qe3 Bd6 31. d4 cxd4 32. Qxd4+ e5 33. Qxd6 Qb7 34.
Qxb4 Qa7 35. fxe5 Re8 36. Qd4 Qb7 37. Kg1 Rfxe5 38. Nd6 1-0

[Event "Weekend Vitinia"]
[Site "Roma ITA"]
[Date "1998.11.??"]
[Round "7"]
[White "Simeoni, Matteo"]
[Black "Ciotoli, Patrizio"]
[Result "1/2-1/2"]
[WhiteElo "2035"]
[BlackElo "1947"]
[PlyCount "22"]
[EventDate "1998.11.07"]

1. e4 g6 2. d4 Bg7 3. Nc3 e6 4. Nf3 Ne7 5. Be2 O-O 6. O-O b6 7. Re1 Bb7 8. Bf1
d6 9. Bd2 Nd7 10. Qc1 Re8 11. Bh6 Bh8 1/2-1/2

[Event "Weekend Vitinia"]
[Site "Roma ITA"]
[Date "1998.11.??"]
[Round "7"]
[White "Siraco, Maurizio"]
[Black "Quimi, Marco"]
[Result "0-1"]
[WhiteElo "2165"]
[BlackElo "2250"]
[PlyCount "100"]
[EventDate "1998.11.07"]

1. e4 c5 2. Nf3 Nc6 3. d4 cxd4 4. Nxd4 g6 5. c4 Bg7 6. Be3 Nf6 7. Nc3 Ng4 8.
Qxg4 Nxd4 9. Qd1 Ne6 10. Qd2 Qa5 11. Nd5 Qxd2+ 12. Kxd2 b6 13. Rb1 Bb7 14. Be2
Rc8 15. Rhc1 Nd4 16. f3 Nxe2 17. Kxe2 e6 18. Nf4 O-O 19. Nd3 d5 20. cxd5 exd5
21. e5 Rfe8 22. Rxc8 Rxc8 23. Kd2 Kf8 24. Rc1 Rxc1 25. Kxc1 Ke7 26. Bd4 Bh6+
27. Kc2 Ke6 28. g3 Ba6 29. b4 Bb5 30. Kc3 Bg5 31. h4 Bh6 32. Kc2 Bc4 33. a4 Bf8
34. b5 h5 35. Kc3 Kf5 36. Nb4 Be2 37. Nc6 Bd1 38. Nxa7 Bxa4 39. Bxb6 Kxe5 40.
Bc7+ Ke6 41. b6 Kd7 42. Kd4 Bc6 43. Be5 Bb7 44. Bc7 f6 45. Bf4 Bb4 46. Bc7 Be1
47. Bf4 Bf2+ 48. Kd3 Ba6+ 49. Kd2 Bxb6 50. Bb8 d4 0-1

[Event "Weekend Vitinia"]
[Site "Roma ITA"]
[Date "1998.11.??"]
[Round "7"]
[White "Trebeschi, Andrea"]
[Black "Vannelli, Vittorio"]
[Result "1-0"]
[WhiteElo "1675"]
[BlackElo "1741"]
[PlyCount "55"]
[EventDate "1998.11.07"]

1. e4 c5 2. Nf3 d6 3. d4 cxd4 4. Nxd4 Nf6 5. Nc3 a6 6. Be2 g6 7. f3 Bg7 8. Be3
Qb6 9. Qc1 Ng4 10. Nd5 Qa7 11. fxg4 Bxd4 12. Bxd4 Qxd4 13. Nc7+ Kd8 14. Nxa8
Qxe4 15. Kf2 Bxg4 16. Qe3 Qxe3+ 17. Kxe3 Bxe2 18. Kxe2 Nd7 19. a4 a5 20. b4
axb4 21. a5 e6 22. Rhb1 Ke7 23. Nb6 Nc5 24. Rxb4 h5 25. Na4 Na6 26. Rxb7+ Kf6
27. Nb6 Nc5 28. Nd7+ 1-0

[Event "Weekend Vitinia"]
[Site "Roma ITA"]
[Date "1998.11.??"]
[Round "7"]
[White "Vignato, Giovanni"]
[Black "Corvi, Marco"]
[Result "1-0"]
[WhiteElo "2150"]
[BlackElo "2305"]
[PlyCount "75"]
[EventDate "1998.11.07"]

1. d4 f5 2. e3 Nf6 3. Bd3 d6 4. f4 c6 5. Nf3 Be6 6. O-O g6 7. Ng5 Bg8 8. c4 Qc7
9. Nc3 h6 10. Nf3 Nbd7 11. e4 e6 12. e5 dxe5 13. fxe5 Nh5 14. Nh4 Bf7 15. g4
Ng7 16. g5 O-O-O 17. gxh6 Nh5 18. Bg5 Bxh6 19. Nf3 Nf4 20. Bxh6 Nh3+ 21. Kh1
Rxh6 22. Rc1 g5 23. Nb5 cxb5 24. cxb5 Rdh8 25. Rxc7+ Kxc7 26. Qc2+ Kd8 27. d5
Bh5 28. d6 Bxf3+ 29. Rxf3 Nf4 30. Qc7+ Ke8 31. Qc8+ Kf7 32. Qxd7+ Kg6 33. Rxf4
Rxh2+ 34. Kg1 Rh1+ 35. Kf2 R8h2+ 36. Ke3 gxf4+ 37. Kd4 Rh5 38. Qxe6+ 1-0

[Event "Weekend Vitinia"]
[Site "Roma ITA"]
[Date "1998.11.??"]
[Round "8"]
[White "Chiaretti, Roberto"]
[Black "Ferri, Stefano"]
[Result "1-0"]
[WhiteElo "2220"]
[BlackElo "2090"]
[PlyCount "67"]
[EventDate "1998.11.07"]

1. e4 c5 2. c3 Nf6 3. e5 Nd5 4. Nf3 e6 5. d4 cxd4 6. cxd4 d6 7. a3 dxe5 8. dxe5
Qb6 9. Bd3 Bc5 10. O-O h6 11. Nbd2 Bd7 12. Nc4 Qc7 13. b4 Be7 14. Bb2 b5 15.
Nd6+ Bxd6 16. exd6 Qxd6 17. Bxg7 Rg8 18. Be5 Qe7 19. Re1 Bc6 20. Rc1 Qb7 21.
Bg3 Ne7 22. Nd4 a6 23. Nxc6 Nbxc6 24. Be4 Rd8 25. Qf3 Rc8 26. Rc5 Qb6 27. Rec1
Nd4 28. Rxc8+ Nxc8 29. Rxc8+ Kd7 30. Qxf7+ Kxc8 31. Qxg8+ Kd7 32. Qf7+ Kd8 33.
Bh4+ Kc8 34. Qe8+ 1-0

[Event "Weekend Vitinia"]
[Site "Roma ITA"]
[Date "1998.11.??"]
[Round "8"]
[White "Gardon, Ermanno"]
[Black "Farina, Saverio"]
[Result "1/2-1/2"]
[WhiteElo "2110"]
[BlackElo "2170"]
[PlyCount "99"]
[EventDate "1998.11.07"]

1. e4 e6 2. d4 d5 3. Nc3 c5 4. exd5 exd5 5. dxc5 Nf6 6. Be3 Be7 7. Nf3 Nc6 8.
Be2 O-O 9. O-O Bf5 10. Nb5 Ne4 11. Nbd4 Bd7 12. Nb3 Be6 13. c3 Qc7 14. Nfd4
Rad8 15. f3 Nxc5 16. Kh1 Nd7 17. f4 Nf6 18. f5 Bd7 19. Bf4 Qc8 20. Bd3 Ne4 21.
Qg4 Bf6 22. Bxe4 dxe4 23. Bg5 Bxg5 24. Qxg5 f6 25. Qf4 Rfe8 26. Rae1 Nxd4 27.
Nxd4 Bc6 28. Ne6 Rd7 29. Rd1 b6 30. Rfe1 Qb7 31. Qe3 Rd5 32. Qg3 Rd7 33. Rd6
Rxd6 34. Qxd6 Qd7 35. Qxd7 Bxd7 36. Nd4 Kf7 37. Kg1 g6 38. g4 gxf5 39. Nxf5
Bxf5 40. gxf5 Re5 41. Kg2 Ke7 42. Kg3 Kd6 43. Kf4 Kd5 44. Rd1+ Kc6 45. Re1 Kd5
46. h4 h5 47. Rd1+ Kc6 48. Re1 Kd5 49. Rd1+ Kc5 50. Re1 1/2-1/2

[Event "Weekend Vitinia"]
[Site "Roma ITA"]
[Date "1998.11.??"]
[Round "8"]
[White "Puliatti, Carlo"]
[Black "Scacco, Mauro"]
[Result "0-1"]
[WhiteElo "1701"]
[BlackElo "2020"]
[PlyCount "120"]
[EventDate "1998.11.07"]

1. e4 e5 2. Nf3 Nc6 3. d4 exd4 4. Bc4 Be7 5. c3 d3 6. Qxd3 d6 7. O-O Nf6 8. Bb3
O-O 9. Nbd2 Nd7 10. Qe2 Nc5 11. Bc2 Bf6 12. h3 Re8 13. Re1 d5 14. Qb5 Nxe4 15.
Nxe4 dxe4 16. Bxe4 a6 17. Qa4 Bd7 18. Qc2 g6 19. Bf4 Rb8 20. Rad1 Qc8 21. Bg3
b5 22. Re2 Ne7 23. Rde1 Be6 24. b3 Rd8 25. Ne5 Rb6 26. Rd1 Rbd6 27. Rxd6 cxd6
28. Nf3 Qxc3 29. Qxc3 Bxc3 30. Ng5 d5 31. Nxe6 fxe6 32. Bd3 Kf7 33. Bh4 Bf6 34.
Bg3 Rc8 35. Rc2 Rxc2 36. Bxc2 e5 37. f3 Ke6 38. Kf1 Nc6 39. Bf2 Bg5 40. Ke2 Bc1
41. a4 b4 42. Bc5 Bb2 43. Bd1 Bd4 44. Bf8 Ba7 45. Kd3 a5 46. Bh6 Bf2 47. g4 Nd4
48. Bf8 Nc6 49. Bh6 Bc5 50. Bg5 Be7 51. Be3 Nd8 52. Bb6 Nb7 53. Bf2 g5 54. h4
gxh4 55. Be2 Bg5 56. Kc2 h3 57. Bf1 h2 58. Bg2 d4 59. Kd3 Bf4 60. Bh1 Kd5 0-1

[Event "Weekend Vitinia"]
[Site "Roma ITA"]
[Date "1998.11.??"]
[Round "8"]
[White "Quimi, Marco"]
[Black "Occhipinti, Massimo"]
[Result "1-0"]
[WhiteElo "2250"]
[BlackElo "1695"]
[PlyCount "77"]
[EventDate "1998.11.07"]

1. c4 Nf6 2. Nf3 g6 3. g3 Bg7 4. Bg2 O-O 5. O-O d6 6. d4 Nbd7 7. Nc3 e5 8. a4
h6 9. e4 c6 10. a5 Re8 11. Re1 Qe7 12. d5 cxd5 13. cxd5 a6 14. h3 Nf8 15. Na4
N6d7 16. b4 Nh7 17. Be3 Ng5 18. Nxg5 hxg5 19. Qd2 Bf6 20. Rac1 Nf8 21. Rc3 g4
22. h4 Nd7 23. Rc7 Qf8 24. Rec1 Bg7 25. Bf1 Rb8 26. Bg5 f6 27. Be3 f5 28. exf5
gxf5 29. Bg2 f4 30. gxf4 Bh6 31. fxe5 Bg7 32. e6 Ne5 33. Nb6 Nf3+ 34. Bxf3 gxf3
35. Rf7 Qxf7 36. exf7+ Kxf7 37. Rc7+ Kg6 38. Rxg7+ Kxg7 39. Bd4+ 1-0

[Event "Weekend Vitinia"]
[Site "Roma ITA"]
[Date "1998.11.??"]
[Round "8"]
[White "Russi, Roberto"]
[Black "Pierangeli, Andrea"]
[Result "0-1"]
[WhiteElo "1600"]
[BlackElo "1774"]
[PlyCount "54"]
[EventDate "1998.11.07"]

1. c4 e5 2. Nc3 Nf6 3. Nf3 Nc6 4. d4 exd4 5. Nxd4 Bb4 6. Bg5 h6 7. Nxc6 bxc6 8.
Bh4 g5 9. Bg3 O-O 10. a3 Bxc3+ 11. bxc3 d6 12. e3 c5 13. h4 Bf5 14. hxg5 hxg5
15. Bd3 Ne4 16. Qf3 Nxg3 17. Bxf5 Nxh1 18. Qh5 Kg7 19. Qxh1 Rh8 20. Qf1 Qf6 21.
Bd3 Qxc3+ 22. Ke2 Rab8 23. Rb1 Rb2+ 24. Rxb2 Qxb2+ 25. Kf3 Rb8 26. Qh1 Qf6+ 27.
Kg4 Rh8 0-1

[Event "Weekend Vitinia"]
[Site "Roma ITA"]
[Date "1998.11.??"]
[Round "8"]
[White "Siraco, Maurizio"]
[Black "Simeoni, Matteo"]
[Result "1-0"]
[WhiteElo "2165"]
[BlackElo "2035"]
[PlyCount "83"]
[EventDate "1998.11.07"]

1. e4 c5 2. Nf3 d6 3. Nc3 a6 4. a4 Nf6 5. e5 dxe5 6. Nxe5 e6 7. Be2 Be7 8. Bf3
O-O 9. O-O Qc7 10. Re1 Rd8 11. d3 Nbd7 12. Bf4 Bd6 13. Qe2 Qb6 14. Nc4 Bxf4 15.
Nxb6 Nxb6 16. a5 Nbd7 17. Ne4 Rb8 18. Nxf6+ Nxf6 19. g3 Bh6 20. Qe5 Bd7 21. g4
Bc6 22. Bxc6 bxc6 23. g5 Ng4 24. Qg3 Rb4 25. c3 Nxf2 26. cxb4 Bxg5 27. Qxg5
Nh3+ 28. Kg2 Nxg5 29. h4 Rd4 30. hxg5 Rg4+ 31. Kf3 Rxg5 32. Rec1 cxb4 33. Rxc6
h5 34. Rxa6 Rf5+ 35. Ke2 g5 36. Rc6 g4 37. a6 g3 38. a7 Rf2+ 39. Ke3 h4 40.
a8=Q+ Kg7 41. Rc4 Rh2 42. Rg4+ 1-0

[Event "Weekend Vitinia"]
[Site "Roma ITA"]
[Date "1998.11.??"]
[Round "8"]
[White "Spano' Cuomo, Gaetano"]
[Black "De Carolis, Massimo"]
[Result "1/2-1/2"]
[WhiteElo "1776"]
[BlackElo "1726"]
[PlyCount "80"]
[EventDate "1998.11.07"]

1. c4 Nf6 2. Nc3 g6 3. Nf3 Bg7 4. d4 O-O 5. Bf4 d6 6. e4 c5 7. d5 Nh5 8. Bg3
Bg4 9. Bd3 Nd7 10. Qd2 a6 11. Ng1 Ne5 12. Bxe5 Bxe5 13. f3 Bd7 14. Nge2 Bg7 15.
g4 Nf6 16. h4 h5 17. e5 dxe5 18. g5 Ne8 19. Ne4 Qc7 20. N2c3 Nd6 21. Qc2 Rab8
22. Nxd6 exd6 23. Ne4 b5 24. b3 bxc4 25. bxc4 Kh8 26. Ke2 Rb4 27. Rhb1 Ba4 28.
Qd2 Rfb8 29. Rxb4 Rxb4 30. Rb1 a5 31. Qc1 Bd7 32. Rxb4 axb4 33. a3 bxa3 34.
Qxa3 Bf5 35. Qa8+ Kh7 36. Nf6+ Bxf6 37. gxf6 Qc8 38. Qxc8 Bxc8 39. f4 Bg4+ 40.
Ke3 exf4+ 1/2-1/2

[Event "Weekend Vitinia"]
[Site "Roma ITA"]
[Date "1998.11.??"]
[Round "8"]
[White "Vannelli, Vittorio"]
[Black "Micaloni, Mario"]
[Result "1/2-1/2"]
[WhiteElo "1741"]
[BlackElo "1702"]
[PlyCount "115"]
[EventDate "1998.11.07"]

1. e4 c5 2. Nf3 Nc6 3. d4 cxd4 4. Nxd4 Nf6 5. Nc3 e5 6. Ndb5 d6 7. Bg5 a6 8.
Na3 b5 9. Nd5 Be7 10. Bxf6 Bxf6 11. Bd3 Bb7 12. O-O O-O 13. c3 Na5 14. Ne3 g6
15. b4 Nc6 16. Nac2 Ne7 17. Qd2 Bg5 18. g3 d5 19. exd5 Nxd5 20. Rad1 Nf4 21.
gxf4 Bxf4 22. f3 Qg5+ 23. Kh1 Rad8 24. Qf2 f5 25. Bxf5 Rxd1 26. Be6+ Kh8 27.
Nxd1 Qh5 28. Nce3 Bxf3+ 29. Kg1 Qg5+ 30. Ng2 Bxg2 31. Qxg2 Qe7 32. Bh3 e4 33.
Qg4 Qe5 34. Kh1 e3 35. Re1 Rd8 36. Qe2 Kg7 37. c4 Qe4+ 38. Bg2 Qxc4 39. Qb2+
Qd4 40. Qxd4+ Rxd4 41. Kg1 Rxb4 42. Nxe3 Rb2 43. Nd5 Bd2 44. Re7+ Kh6 45. Nf6
Kg5 46. Ne4+ Kf4 47. Nxd2 Rxd2 48. Rxh7 Rxa2 49. Ra7 a5 50. Bd5 Ra3 51. Ra6 g5
52. Bc6 b4 53. Bd5 g4 54. Bc4 Rc3 55. Bb5 Ra3 56. Rf6+ Ke5 57. Ra6 Kf4 58. Bd7
1/2-1/2

[Event "Torneo Zonale"]
[Site "Escaldes AND"]
[Date "1998.11.06"]
[Round "1"]
[White "Arlandi, Ennio"]
[Black "Emms, John M."]
[Result "1/2-1/2"]
[WhiteElo "2440"]
[BlackElo "2585"]
[PlyCount "48"]
[EventDate "1998.11.06"]

1. d4 Nf6 2. c4 e6 3. Nc3 Bb4 4. Qc2 d5 5. cxd5 exd5 6. Bg5 h6 7. Bxf6 Qxf6 8.
a3 Ba5 9. e3 c5 10. dxc5 Bf5 11. Qa4+ Nc6 12. Nge2 Bxc3+ 13. Nxc3 d4 14. Nb5
dxe3 15. Nc7+ Kf8 16. O-O-O Rc8 17. Nd5 Qe5 18. fxe3 Ne7 19. Qd4 Qxd4 20. Rxd4
Rxc5+ 21. Nc3 g6 22. Rc4 Rxc4 23. Bxc4 Kg7 24. e4 Rc8 1/2-1/2

[Event "Torneo Zonale"]
[Site "Escaldes AND"]
[Date "1998.11.06"]
[Round "1"]
[White "Efimov, Igor"]
[Black "Gallego Martinez, Ruben"]
[Result "1-0"]
[WhiteElo "2530"]
[BlackElo "2305"]
[PlyCount "119"]
[EventDate "1998.11.06"]

1. d4 Nf6 2. Nf3 g6 3. g3 Bg7 4. Bg2 O-O 5. O-O d6 6. c4 Nbd7 7. Nc3 e5 8. e4
c6 9. b3 Re8 10. Bb2 a6 11. d5 cxd5 12. cxd5 b5 13. Re1 Nb6 14. Bf1 Bd7 15. Rc1
Bh6 16. Rc2 Qb8 17. Bd3 Rc8 18. Kg2 b4 19. Ne2 Rxc2 20. Bxc2 Bb5 21. a4 Be8 22.
Nd2 Nfd7 23. a5 Nc8 24. Nc4 Nc5 25. Nd4 Bb5 26. Nc6 Qc7 27. f4 f6 28. fxe5 fxe5
29. Nxb4 Bxc4 30. bxc4 Qxa5 31. Nc6 Qa2 32. Bc3 Qxc4 33. Qf3 Nb6 34. Na5 Qa2
35. Re2 Rf8 36. Qg4 Qa3 37. Be1 Nbd7 38. Nc4 Nf6 39. Qxg6+ hxg6 40. Nxa3 Rb8
41. Nc4 Bf8 42. h3 Nb3 43. Bxb3 Rxb3 44. g4 Rd3 45. Bh4 Nd7 46. Rb2 Rd4 47. Nd2
Bh6 48. g5 Bf8 49. Bf2 Ra4 50. Kf3 Ra3+ 51. Rb3 Rxb3+ 52. Nxb3 Be7 53. h4 Bd8
54. Be1 Kf7 55. Bb4 Ke7 56. Kg4 Bc7 57. h5 Kf7 58. h6 Nf8 59. Nd2 Ke7 60. Nc4
1-0

[Event "Torneo Zonale"]
[Site "Escaldes AND"]
[Date "1998.11.07"]
[Round "2"]
[White "Emms, John M."]
[Black "Godena, Michele"]
[Result "1/2-1/2"]
[WhiteElo "2585"]
[BlackElo "2510"]
[PlyCount "69"]
[EventDate "1998.11.06"]

1. e4 e5 2. Nf3 Nc6 3. Bb5 a6 4. Ba4 Nf6 5. O-O b5 6. Bb3 Bc5 7. a4 Bb7 8. c3
d6 9. d4 Bb6 10. Bg5 exd4 11. cxd4 h6 12. Bxf6 Qxf6 13. Bd5 O-O 14. Na3 Rfb8
15. Nc2 bxa4 16. Rxa4 Ne7 17. Bxb7 Rxb7 18. Qd3 a5 19. Ne3 Re8 20. Nc4 Ng6 21.
Re1 d5 22. Nxa5 Bxa5 23. Rxa5 Nf4 24. Qb1 Qe6 25. g3 dxe4 26. Ne5 Qb6 27. Qa2
Ne6 28. Ra8 Rxa8 29. Qxa8+ Rb8 30. Qxe4 Qxd4 31. Qf5 Rf8 32. b3 Qd5 33. Qf3
Qxf3 34. Nxf3 Rb8 35. Re3 1/2-1/2

[Event "Torneo Zonale"]
[Site "Escaldes AND"]
[Date "1998.11.07"]
[Round "2"]
[White "Miles, Anthony John"]
[Black "Efimov, Igor"]
[Result "1-0"]
[WhiteElo "2590"]
[BlackElo "2530"]
[PlyCount "89"]
[EventDate "1998.11.06"]

1. c4 e6 2. g3 d5 3. Bg2 g6 4. Nf3 Bg7 5. O-O Ne7 6. d4 Nbc6 7. e3 O-O 8. Qc2
a5 9. Rd1 Nf5 10. b3 Bd7 11. Bb2 a4 12. Nbd2 Qe7 13. Bc3 Rfc8 14. Qb2 Nd6 15.
Ne5 Nxe5 16. dxe5 Ne8 17. cxd5 exd5 18. Bxd5 c6 19. Bg2 a3 20. Qc1 Rd8 21. Nc4
b5 22. Nb6 Bg4 23. Rd4 Rab8 24. Rxg4 Rxb6 25. Ba5 Rbb8 26. Bxd8 Rxd8 27. Rd4
Rc8 28. f4 c5 29. Qxa3 f6 30. Rad1 fxe5 31. Rd7 Qf6 32. Bb7 exf4 33. Bxc8 fxg3
34. Rxg7+ Kxg7 35. hxg3 Qe5 36. Kf2 Nf6 37. Ke2 Ne4 38. Rd7+ Kh6 39. Qc1 Kg5
40. Bb7 Nc3+ 41. Kd2 Nxa2 42. Qc2 Nb4 43. Qe4 Qb2+ 44. Kd1 Qxb3+ 45. Ke2 1-0

[Event "Torneo Zonale"]
[Site "Escaldes AND"]
[Date "1998.11.07"]
[Round "2"]
[White "Van der Sterren, Paul"]
[Black "Arlandi, Ennio"]
[Result "1-0"]
[WhiteElo "2575"]
[BlackElo "2440"]
[PlyCount "115"]
[EventDate "1998.11.06"]

1. d4 d5 2. c4 e6 3. Nc3 Be7 4. Nf3 Nf6 5. Bg5 O-O 6. e3 h6 7. Bh4 b6 8. Be2
Bb7 9. Rc1 dxc4 10. Bxc4 Nbd7 11. O-O a6 12. a4 c5 13. Re1 Ne4 14. Bg3 Nxg3 15.
hxg3 Nf6 16. Ne5 Qd6 17. Qd3 Rfd8 18. Rcd1 Nd5 19. Bb3 Nb4 20. Qe2 Qc7 21. Na2
Nc6 22. Nf3 Na5 23. Bc2 cxd4 24. exd4 Qc4 25. b4 Qxe2 26. Rxe2 Nc4 27. Bb3 Rac8
28. g4 Kf8 29. Rc2 Nd6 30. Rxc8 Nxc8 31. Ne5 Bd6 32. f3 Ne7 33. Nc4 Bc7 34. Nc3
Nd5 35. Nxd5 Bxd5 36. Rd3 Rc8 37. Kf1 Bd8 38. Ne5 Rc1+ 39. Ke2 Bxb3 40. Rxb3 f6
41. Nd7+ Ke8 42. Nb8 a5 43. bxa5 bxa5 44. Kd3 Ra1 45. Rb7 Ra3+ 46. Ke4 Rxa4 47.
Rxg7 Bb6 48. Nc6 Bxd4 49. Re7+ Kf8 50. Rxe6 Bc3+ 51. Kf5 Ra2 52. Kg6 Rc2 53.
Re4 Bd2 54. Nd4 Rc8 55. Ne6+ Kg8 56. Rd4 Bc3 57. Rd7 Ra8 58. Nc7 1-0

[Event "Torneo Zonale"]
[Site "Escaldes AND"]
[Date "1998.11.08"]
[Round "3"]
[White "Arlandi, Ennio"]
[Black "Simonet Pons, Marc"]
[Result "1-0"]
[WhiteElo "2440"]
[BlackElo "2270"]
[PlyCount "107"]
[EventDate "1998.11.06"]

1. d4 Nf6 2. c4 c5 3. d5 b5 4. cxb5 a6 5. bxa6 Bxa6 6. Nc3 d6 7. e4 Bxf1 8.
Kxf1 g6 9. g3 Bg7 10. Kg2 O-O 11. Nge2 Nbd7 12. Qc2 Ra6 13. a4 Qa8 14. Nb5 Qb7
15. Nec3 e6 16. Rd1 exd5 17. exd5 Ne8 18. Bf4 Ne5 19. Rab1 Nc7 20. b4 cxb4 21.
Rxb4 Nxb5 22. axb5 Ra3 23. Ne4 Qb6 24. Rb3 Rxb3 25. Qxb3 Rb8 26. Be3 Qxb5 27.
Qxb5 Rxb5 28. Nxd6 Ra5 29. Bf4 Kf8 30. Bxe5 Bxe5 31. Nc4 Ra1 32. Rxa1 Bxa1 33.
g4 f6 34. Kf3 Bd4 35. Ke2 Ke7 36. f3 Bg1 37. h3 Bc5 38. Kd3 Kd7 39. Ke4 Bb4 40.
f4 Bc3 41. f5 g5 42. Kd3 Be1 43. Kc2 Kc7 44. Kb3 Kd7 45. Ka4 Bc3 46. Kb5 Be1
47. Ka4 Bc3 48. Na3 Be1 49. Nb5 Bd2 50. Kb3 Bf4 51. Kc4 Be5 52. Nc3 Bd6 53. Ne4
Be7 54. Kd4 1-0

[Event "Torneo Zonale"]
[Site "Escaldes AND"]
[Date "1998.11.08"]
[Round "3"]
[White "Efimov, Igor"]
[Black "Gentilleau, Jean-Philippe"]
[Result "1-0"]
[WhiteElo "2530"]
[BlackElo "2195"]
[PlyCount "67"]
[EventDate "1998.11.06"]

1. e4 g6 2. d4 Bg7 3. Nf3 d6 4. Nc3 Nd7 5. Bc4 e6 6. Bg5 Ne7 7. Qd2 h6 8. Be3
Nf6 9. O-O-O d5 10. Bd3 dxe4 11. Nxe4 Ned5 12. h4 Nxe4 13. Bxe4 Qd6 14. Ne5
Nxe3 15. Qxe3 O-O 16. f4 h5 17. Bf3 Bd7 18. g4 hxg4 19. Bxg4 Bc6 20. Rh3 Qd5
21. h5 Qe4 22. Qxe4 Bxe4 23. hxg6 f5 24. Be2 Rfd8 25. Rh7 Rac8 26. Nf7 Rd7 27.
Bc4 Bd5 28. Bxd5 Rxd5 29. Rdh1 Rxd4 30. Rh8+ Bxh8 31. Rxh8+ Kg7 32. Rxc8 Kxg6
33. Ne5+ Kf6 34. Nd3 1-0

[Event "Torneo Zonale"]
[Site "Escaldes AND"]
[Date "1998.11.08"]
[Round "3"]
[White "Godena, Michele"]
[Black "Magem Badals, Jordi"]
[Result "1/2-1/2"]
[WhiteElo "2510"]
[BlackElo "2540"]
[PlyCount "40"]
[EventDate "1998.11.06"]

1. e4 c6 2. d4 d5 3. Nd2 dxe4 4. Nxe4 Bf5 5. Nc5 Qc8 6. Nf3 Nf6 7. Bd3 Bg4 8.
h3 Bh5 9. Be2 Nbd7 10. Nd3 e6 11. Nf4 Bxf3 12. Bxf3 Bd6 13. Nd3 O-O 14. O-O e5
15. dxe5 Nxe5 16. Nxe5 Bxe5 17. c3 Rd8 18. Qb3 Qc7 19. Be3 Nd5 20. Bxd5 Rxd5
1/2-1/2

[Event "Weekend A"]
[Site "Torino ITA"]
[Date "1998.10.??"]
[Round "?"]
[White "Lampic, Teo"]
[Black "Ferretti, Folco"]
[Result "1-0"]
[WhiteElo "2300"]
[BlackElo "2265"]
[PlyCount "107"]
[EventDate "1998.10.29"]

1. e4 e5 2. Nf3 Nf6 3. Nc3 Bb4 4. a3 Bxc3 5. dxc3 O-O 6. Bg5 d6 7. Bd3 h6 8.
Bh4 Nbd7 9. O-O Nc5 10. Nd2 Nxd3 11. cxd3 g5 12. Bg3 Bg4 13. f3 Be6 14. d4 Nh5
15. Bf2 Nf4 16. Be3 Qe7 17. g3 Ng6 18. b4 f5 19. exf5 Rxf5 20. Qe2 Re8 21. Qd3
Qg7 22. d5 Bd7 23. Qc4 Ne7 24. Bxa7 Rc8 25. Be3 Qf7 26. g4 Rf6 27. Rae1 Qxd5
28. Qxd5+ Nxd5 29. c4 Nxe3 30. Rxe3 Rcf8 31. Rc1 Bc6 32. Rcc3 b6 33. Kf2 Rf4
34. Ke2 h5 35. h3 h4 36. c5 d5 37. Rxe5 Re8 38. Rce3 Rxe5 39. Rxe5 bxc5 40.
Rxg5+ Kf7 41. Ke3 Rd4 42. Nb3 Rc4 43. Nxc5 Rc3+ 44. Kd4 Rxa3 45. Nd3 Bb7 46.
Ne5+ Kf6 47. Rg6+ Ke7 48. Rg7+ Kd8 49. Rg8+ Ke7 50. Rb8 Ra7 51. f4 Kd6 52. Rd8+
Ke7 53. Rd7+ Ke8 54. Rxc7 1-0

[Event "Weekend A"]
[Site "Torino ITA"]
[Date "1998.10.??"]
[Round "?"]
[White "Lo Curto, Emanuele"]
[Black "Mo, Angelo"]
[Result "1-0"]
[WhiteElo "1660"]
[BlackElo "1885"]
[PlyCount "75"]
[EventDate "1998.10.29"]

1. e4 c5 2. Nf3 e6 3. d4 cxd4 4. Nxd4 Nf6 5. Bd3 Nc6 6. Be3 Qc7 7. Nc3 a6 8.
O-O d6 9. f4 Nxd4 10. Bxd4 e5 11. Be3 Be6 12. f5 Bc4 13. Re1 Be7 14. Bxc4 Qxc4
15. Bg5 Rc8 16. Bxf6 Qc5+ 17. Kh1 Bxf6 18. Re2 O-O 19. Nd5 Bg5 20. c3 Rfe8 21.
Qd3 Kh8 22. Qg3 Be7 23. Qf3 f6 24. Rd1 b5 25. Red2 Rcd8 26. Rd3 a5 27. Nxe7
Rxe7 28. Rd5 Qc6 29. Qd3 Rb7 30. Rxd6 Rxd6 31. Qxd6 Qxd6 32. Rxd6 Kg8 33. Rd5
b4 34. c4 Rc7 35. c5 g6 36. g4 gxf5 37. gxf5 Rg7 38. Rd8+ 1-0

[Event "XII Festival Golfo di Napoli"]
[Site "Napoli ITA"]
[Date "1998.10.??"]
[Round "?"]
[White "Accardo, Francesco"]
[Black "Femiano, Andrea"]
[Result "0-1"]
[WhiteElo "1757"]
[BlackElo "2215"]
[PlyCount "50"]
[EventDate "1998.10.25"]

1. e4 c5 2. Nc3 e6 3. f4 Nc6 4. Nf3 Nge7 5. Be2 d5 6. e5 Nf5 7. O-O h5 8. Qe1
h4 9. Bd1 b6 10. a4 c4 11. g4 hxg3 12. hxg3 Bb7 13. Kg2 d4 14. Ne4 d3 15. Rh1
Rxh1 16. Qxh1 Ncd4 17. cxd3 Nb3 18. a5 b5 19. a6 Bc6 20. Nfg5 Qxd3 21. Bf3 Nbd4
22. Qh5 O-O-O 23. Qxf7 Nxf3 24. Qxe6+ Bd7 25. Nxf3 Qxe4 0-1

[Event "XII Festival Golfo di Napoli"]
[Site "Napoli ITA"]
[Date "1998.10.??"]
[Round "?"]
[White "Accardo, Francesco"]
[Black "Schiappoli, Dario"]
[Result "1-0"]
[WhiteElo "1757"]
[BlackElo "1836"]
[PlyCount "87"]
[EventDate "1998.10.25"]

1. e4 c5 2. Nc3 Nc6 3. f4 e6 4. Nf3 a6 5. a3 b5 6. d3 Qc7 7. Be3 Bb7 8. g3 d6
9. Bg2 Be7 10. a4 b4 11. Ne2 Nf6 12. h3 h5 13. O-O Rc8 14. Ng5 Rf8 15. Bf3 a5
16. f5 e5 17. c3 Qd8 18. h4 d5 19. Qe1 d4 20. cxd4 cxd4 21. Bd2 Ba6 22. Nc1 Qb6
23. Qd1 b3 24. Bxh5 Nxh5 25. Qxh5 Nb4 26. Bxb4 Qxb4 27. Ne6 Qd2 28. Nxg7+ Kd8
29. Nxb3 Qe3+ 30. Kg2 Bxd3 31. f6 Bd6 32. Nf5 Bxf1+ 33. Rxf1 Qxb3 34. Nxd6
Qxb2+ 35. Rf2 Qa3 36. Nxc8 Kxc8 37. Qxe5 Qxa4 38. Qc5+ Kd8 39. Qxf8+ Kc7 40.
Qxf7+ Kb6 41. Qe6+ Qc6 42. Qxc6+ Kxc6 43. f7 Kd7 44. f8=Q 1-0